00579 2200217 4500001002100000005001700021008004100038035002400079082001100103090001800114100002300132245005100155250001100206260003300217300002800250650003300278850001500311980001500326985000600341999001400347YOGYA-0209000004959920090227032255.0 ind  0010-020900000049599 a448.24 a448.24bMah B aMAHLUDDIN T, Denny aBahasa Perancis sehari-haricDenny Mahluddin T aCet. 1 aJakartabKesaint Blancc1989 av, 149 hlmbilusc18 cm aBahasa Perancis - Percakapan aYOPDYOG(M) a29-09-2007 a1 aP00029238